| 000 | 00505nam a2200205Ia 4500 | ||
|---|---|---|---|
| 003 | OSt | ||
| 005 | 20240315150326.0 | ||
| 008 | 210210b1916 xxu||||| |||| 00| 0 eng d | ||
| 040 | _cAL | ||
| 041 | _aeng | ||
| 082 | _a824/307 | ||
| 100 |
_aSMITH (D N) _9154723 |
||
| 245 | _aShakespeare criticism | ||
| 260 |
_aLondon _bOxford University Press _c1916 |
||
| 650 |
_aShakespeare _9154724 |
||
| 650 |
_acriticism _9154725 |
||
| 690 |
_aEnglish Criticism _9154726 |
||
| 906 | _a014257 | ||
| 942 |
_2ddc _cBK |
||
| 999 |
_c133400 _d133400 |
||